[Event "Stuttgart-chB int"]
[Site "Gerlingen"]
[Date "2007.05.18"]
[Round "4"]
[White "Toews, Manuel"]
[Black "Von Wantoch Rekowski, Thomas"]
[Result "0-1"]
[WhiteElo "1347"]
[BlackElo "1775"]
[PlyCount "54"]
[EventDate "2007.05.17"]
[EventType "swiss"]
[EventRounds "7"]
[EventCountry "GER"]
[SourceTitle "EXT 2018"]
[Source "ChessBase"]
[SourceDate "2017.10.13"]
[SourceVersion "1"]
[SourceVersionDate "2017.10.13"]
[SourceQuality "1"]

1. d4 Nf6 2. Nf3 g6 3. c4 Bg7 4. Nc3 d5 5. cxd5 Nxd5 6. e4 Nxc3 7. bxc3 c5 8. Bb2 cxd4 9. cxd4 0-0 10. Bc4 Bg4 11. h3 Bxf3 12. Qxf3 Bxd4 13. Rd1 Qa5+ 14. Kf1 Bxb2 15. Rb1 Qe5 16. Qb3 Bd4 17. Qxb7 Qf4 18. f3 Qe3 19. Rb2 Qc1+ 20. Ke2 Qxb2+ 21. Qxb2 Bxb2 22. Bd5 Nc6 23. Bxc6 Rab8 24. Rd1 Rfd8 25. Rb1 Bd4 26. Rd1 Rb2+ 27. Ke1 Bc3+ 0-1

[Event "Stuttgart-chB int"]
[Site "Gerlingen"]
[Date "2007.05.17"]
[Round "2"]
[White "Ostertag, Stephan"]
[Black "Von Wantoch Rekowski, Thomas"]
[Result "1/2-1/2"]
[WhiteElo "1537"]
[BlackElo "1775"]
[PlyCount "83"]
[EventDate "2007.05.17"]
[EventType "swiss"]
[EventRounds "7"]
[EventCountry "GER"]
[SourceTitle "EXT 2018"]
[Source "ChessBase"]
[SourceDate "2017.10.13"]
[SourceVersion "1"]
[SourceVersionDate "2017.10.13"]
[SourceQuality "1"]

1. e4 e5 2. Nf3 d6 3. Nc3 Nf6 4. h3 Be7 5. d4 exd4 6. Nxd4 0-0 7. Bc4 c5 8. Nde2 Nc6 9. Nf4 a6 10. 0-0 b5 11. Bd5 Nxd5 12. exd5 Nd4 13. Be3 Bf6 14. Ne4 Nf5 15. Bc1 g6 16. Nxf6+ Qxf6 17. c3 Re8 18. Qd3 a5 19. Bd2 c4 20. Qc2 Bb7 21. Rad1 Re4 22. Be3 Nxe3 23. fxe3 Rxe3 24. Ne6 Qe7 25. Qf2 Re5 26. Nf4 Re3 27. Ne6 Re5 28. Nf4 b4 29. Rd4 Re8 30. a4 Re4 31. Rxe4 Qxe4 32. Ne6 f5 33. Re1 Qxd5 34. Nf4 Rxe1+ 35. Qxe1 Qe4 36. Qf2 bxc3 37. bxc3 Qb1+ 38. Kh2 Be4 39. Qg3 Qd1 40. Qg5 Bd5 41. Qd8+ Kf7 42. Qd7+ 1/2-1/2

[Event "Kreuzberg 2000"]
[Site "Berlin"]
[Date "2000.07.28"]
[Round "7"]
[White "Kuehn, Bodo"]
[Black "Von Wantoch Rekowski, Thomas"]
[Result "1-0"]
[WhiteElo "1583"]
[BlackElo "1653"]
[PlyCount "95"]
[EventDate "2000.07.??"]
[EventType "swiss"]
[EventRounds "9"]
[EventCountry "GER"]
[SourceTitle "EXT 2001"]
[Source "ChessBase"]
[SourceDate "2000.11.22"]
[SourceVersion "1"]
[SourceVersionDate "2000.11.22"]
[SourceQuality "1"]

1. e4 e5 2. d4 exd4 3. c3 dxc3 4. Nxc3 d6 5. Bc4 Nf6 6. Qb3 Qd7 7. Nf3 a6 8. 0-0 b5 9. Bd3 Be7 10. e5 dxe5 11. Nxe5 Qe6 12. Qxe6 Bxe6 13. Bg5 0-0 14. Bxf6 Bxf6 15. Be4 Bxe5 16. Bxa8 b4 17. Nd1 c5 18. Re1 Bd4 19. Re2 Bc4 20. Rd2 Re8 21. Ne3 Be6 22. Bd5 Bxd5 23. Nxd5 Rd8 24. Ne7+ Kf8 25. Nf5 Bf6 26. Rxd8+ Bxd8 27. Rd1 Bf6 28. b3 Nc6 29. Rd5 Nd4 30. Rxc5 Nxf5 31. Rxf5 Bd8 32. Rd5 Ke7 33. Kf1 Bb6 34. Ke2 f6 35. f3 g6 36. Kd3 Ke6 37. Kc4 g5 38. g4 a5 39. Rf5 Bd8 40. Kd4 h5 41. h3 Bb6+ 42. Ke4 hxg4 43. hxg4 Bd8 44. Rb5 Bc7 45. Rb7 Bd8 46. Ra7 Kd6 47. Ra6+ Kc5 48. Kf5 1-0

[Event "Kreuzberg 2000"]
[Site "Berlin"]
[Date "2000.07.24"]
[Round "3"]
[White "Suchin, Rostislaw"]
[Black "Von Wantoch Rekowski, Thomas"]
[Result "0-1"]
[WhiteElo "715"]
[BlackElo "1653"]
[PlyCount "56"]
[EventDate "2000.07.??"]
[EventType "swiss"]
[EventRounds "9"]
[EventCountry "GER"]
[SourceTitle "EXT 2001"]
[Source "ChessBase"]
[SourceDate "2000.11.22"]
[SourceVersion "1"]
[SourceVersionDate "2000.11.22"]
[SourceQuality "1"]

1. e4 e5 2. Nf3 d6 3. d4 Nf6 4. Nc3 Nbd7 5. Bc4 Be7 6. 0-0 0-0 7. Re1 c6 8. a4 a6 9. h3 b6 10. Qe2 Bb7 11. dxe5 Nxe5 12. Bg5 Nxc4 13. Qxc4 h6 14. Bh4 Rc8 15. Rad1 b5 16. axb5 cxb5 17. Qb3 Nd7 18. Bxe7 Qxe7 19. Nd5 Bxd5 20. exd5 Qf6 21. Nd4 Ne5 22. c3 Rfe8 23. Nc6 Nd3 24. Rxe8+ Rxe8 25. Rxd3 Re1+ 26. Kh2 Qf4+ 27. Rg3 Qxf2 28. c4 Qg1# 0-1

[Event "Kreuzberg 2000"]
[Site "Berlin"]
[Date "2000.07.22"]
[Round "1"]
[White "Brychcy, Felix"]
[Black "Von Wantoch Rekowski, Thomas"]
[Result "1-0"]
[WhiteElo "2059"]
[BlackElo "1725"]
[PlyCount "45"]
[EventDate "2000.07.??"]
[EventType "swiss"]
[EventRounds "9"]
[EventCountry "GER"]
[SourceTitle "EXT 2001"]
[Source "ChessBase"]
[SourceDate "2000.11.22"]
[SourceVersion "1"]
[SourceVersionDate "2000.11.22"]
[SourceQuality "1"]

1. e4 e5 2. Nf3 d6 3. Bc4 Be7 4. d4 Nf6 5. dxe5 dxe5 6. Qxd8+ Bxd8 7. Nxe5 0-0 8. Nc3 Nbd7 9. Nxd7 Bxd7 10. Bf4 Re8 11. 0-0-0 Bc6 12. f3 a6 13. Nd5 Bxd5 14. Bxd5 Nxd5 15. Rxd5 h6 16. h4 Kf8 17. h5 Rc8 18. g4 f6 19. Rhd1 c6 20. Rd7 b5 21. Ra7 Bb6 22. Rb7 Rcd8 23. Rxb6 1-0